000 00482nam a2200193Ia 4500
005 20250923150032.0
008 008 250917s9999 xx 000 0 eng d
037 _aTextual
040 _aDSWL
_beng
_cDSWL
041 _aeng
_2eng
084 _qDSWL
245 0 _aHindu law bare acts with short notes
260 _aDelhi
_b Universal Laws Publishers
_c2000
300 _a60 p.
365 _aINR
_b25.00
925 _g25.00
942 _cTEXL
999 _c1458795
_d1458795